[Event "FRA-ch op-A"]
[Site "Aix les Bains"]
[Date "2003.08.23"]
[Round "5"]
[White "Wu, Yiwei"]
[Black "Le Roux, Patrice"]
[Result "0-1"]
[WhiteElo "2020"]
[BlackElo "2070"]
[PlyCount "44"]
[EventDate "2003.08.19"]
[EventType "swiss"]
[EventRounds "11"]
[EventCountry "FRA"]
[SourceTitle "EXT 2004"]
[Source "ChessBase"]
[SourceDate "2003.11.25"]
[SourceVersion "1"]
[SourceVersionDate "2003.11.25"]
[SourceQuality "1"]

1. e4 c6 2. d4 d5 3. exd5 cxd5 4. c4 Nf6 5. Nc3 Be6 6. Qb3 Nc6 7. Nf3 dxc4 8. Qxb7 Qc8 9. Qxc8+ Rxc8 10. Bf4 Nd5 11. Bg3 Ncb4 12. Kd2 g6 13. Ne5 Bh6+ 14. Kd1 Nf6 15. a3 Nc6 16. Nxc6 Rxc6 17. Be5 0-0 18. Bxf6 exf6 19. Ke1 Re8 20. Be2 Rd6 21. Nb5 Rd7 22. Rd1 Bf5 0-1

[Event "Paris op-A"]
[Site "Paris"]
[Date "2003.??.??"]
[Round "1"]
[White "Wu, Yiwei"]
[Black "Bianchi, Guillaume"]
[Result "0-1"]
[WhiteElo "2020"]
[BlackElo "2231"]
[PlyCount "40"]
[EventDate "2003.07.05"]
[EventType "swiss"]
[EventRounds "9"]
[EventCountry "FRA"]
[SourceTitle "EXT 2005"]
[Source "ChessBase"]
[SourceDate "2004.11.15"]
[SourceVersion "1"]
[SourceVersionDate "2004.11.15"]
[SourceQuality "1"]

1. e4 e5 2. Nf3 Nc6 3. Bc4 Nf6 4. d4 exd4 5. 0-0 Nxe4 6. Re1 d5 7. Bb5 Be7 8. Nxd4 Bd7 9. Bxc6 bxc6 10. f3 Nc5 11. Qe2 Ne6 12. Nf5 Bf6 13. c4 0-0 14. Nc3 Nd4 15. Nxd4 Bxd4+ 16. Kh1 Qh4 17. g3 Qh5 18. Qd3 Bf2 19. g4 Qh3 20. Re5 Bxg4 0-1